| 000 | 00514nam a2200181Ia 4500 | ||
|---|---|---|---|
| 003 | GCL | ||
| 008 | 140319s9999 xx 000 0 ara d | ||
| 040 |
_aGCL / _cGCL |
||
| 082 | 0 | 4 |
_a251.222 _bذ ك |
| 245 | 1 | 0 | _aكتاب الكبائر |
| 260 |
_aالقاهرة : _bدار الغد العربى |
||
| 300 |
_a267 ص ؛ _c24 سم |
||
| 490 | _a | ||
| 650 | 0 | 4 | _aالاسلام |
| 650 | 0 | 4 | _aالشريعة الاسلامية |
| 650 | 0 | 4 | _aالكبائر ( الشريعة الاسلامية ) |
| 942 |
_2ddc _cBK |
||
| 999 |
_c55046 _d55046 |
||